[Event "FRA-ch op-C"]
[Site "Nimes"]
[Date "2018.08.18"]
[Round "1"]
[White "Cregut, Marian"]
[Black "Filipic, Pierre"]
[Result "1-0"]
[WhiteElo "1638"]
[BlackElo "1779"]
[PlyCount "141"]
[EventDate "2018.08.18"]
[EventType "swiss"]
[EventRounds "9"]
[EventCountry "FRA"]
[SourceTitle "EXT 2020"]
[Source "ChessBase"]
[SourceDate "2019.10.17"]
[SourceVersion "1"]
[SourceVersionDate "2019.10.17"]
[SourceQuality "1"]

1. e4 e5 2. Nf3 Nc6 3. Bb5 Nf6 4. d3 d6 5. h3 h6 6. c3 Bd7 7. Ba4 Be7 8. Nbd2 a6 9. 0-0 b5 10. Bb3 Na5 11. Bc2 c5 12. d4 exd4 13. cxd4 c4 14. e5 dxe5 15. dxe5 Nd5 16. Nxc4 Nb4 17. Nd6+ Kf8 18. Be4 Bc6 19. Bf4 Bxe4 20. Nxe4 Nd3 21. Bc1 Nc4 22. b3 Ncxe5 23. Nxe5 Nxe5 24. Be3 f5 25. Nc3 Qxd1 26. Rfxd1 Rc8 27. Rac1 Ba3 28. Rc2 Kf7 29. Bd4 Rhd8 30. Rcd2 Nc6 31. Ne2 Nxd4 32. Nxd4 Rc1 33. Rxc1 Bxc1 34. Rc2 Bf4 35. g3 Rxd4 36. gxf4 Ke6 37. Kg2 a5 38. Rc5 Rd5 39. Rc6+ Kf7 40. Ra6 b4 41. Kf3 g6 42. Ke3 Kg7 43. Ke2 g5 44. Ke3 g4 45. hxg4 fxg4 46. Ke4 Rb5 47. f5 h5 48. Kf4 Rc5 49. Kg5 Re5 50. Ra7+ Kf8 51. Kf6 Re8 52. Rxa5 h4 53. Ra7 h3 54. Rh7 Kg8 55. Rh4 Re4 56. Rh5 Re2 57. Rg5+ Kf8 58. Rxg4 Rxf2 59. Rxb4 Ke8 60. a4 Rb2 61. Rb7 h2 62. Rh7 Rxb3 63. Rxh2 Rb6+ 64. Ke5 Ra6 65. Ra2 Ra5+ 66. Kf6 Ra6+ 67. Kg7 Ra7+ 68. Kg6 Ra6+ 69. f6 Kd7 70. Kg7 Ke6 71. f7 1-0